| 000 | 00805nam a22002417a 4500 | ||
|---|---|---|---|
| 003 | DO-SdBPM | ||
| 005 | 20250604092136.0 | ||
| 008 | 161028b1979 sp | 00| 0 spa d | ||
| 020 | _a 8430510966 | ||
| 040 |
_aDO-SdBPM _bspa _cBPMSU |
||
| 082 | 4 |
_a928.63 _bC419H 1979 _222 |
|
| 100 | 1 | _aHerrera, Juan Ignacio | |
| 245 | 1 | 0 |
_aMiguel de Cervantes / _cJuan Ignacio Herrera. |
| 260 |
_aBarcelona : _bSusaeta Ediciones , _c1979 |
||
| 300 |
_a98 p. ; _c21 cm. |
||
| 490 | 0 | _aVidas ilustres | |
| 590 | _aInventariado, 2025/VM | ||
| 600 | 1 | 4 |
_a Cervantes Saavedra, Miguel de, _d1547-1616 _vBiografías |
| 650 | 4 |
_aNovela gráfica _xHistoria y crítica _zEspaña |
|
| 650 | 4 |
_aTiras cómicas, historietas, etc _xHistoria y crítica _zEspaña |
|
| 910 | _aVMateo V. Control de calidad. BPMSU | ||
| 942 |
_2ddc _cBK |
||
| 999 |
_c11709 _d11709 |
||